000 00401nam a22001577a 4500
082 _a894-812
_bSIV/P
100 _aSIVADAS S
245 _aPADANAM PAREEKSHANANGALILOODE
_bINVENTIONS
246 _aPADANAM PAREEKSHANANGALILOODE
_bINVENTIONS
260 _aKOTTAYAM
_bDC BOOKS
_c`2006
300 _a74
500 _aSTUDY THROUGH INVENTIONS
520 _aINVENTIONS
650 _aINVENTIONS
942 _cBK
999 _c1184
_d1184